Planning for Local Development Frameworks: a new development plan regime (Record no. 74265)
[ view plain ]
| 000 -LEADER | |
|---|---|
| fixed length control field | 01276cab a2200253 4500 |
| 001 - CONTROL NUMBER | |
| control field | ABS67612 |
| 008 - FIXED-LENGTH DATA ELEMENTS--GENERAL INFORMATION | |
| fixed length control field | 040312n2004 000 0 eng u |
| 035 ## - SYSTEM CONTROL NUMBER | |
| System control number | (Sirsi) u125409 |
| 100 ## - MAIN ENTRY--PERSONAL NAME | |
| Personal name | Chaplin, A. |
| 245 ## - TITLE STATEMENT | |
| Title | Planning for Local Development Frameworks: a new development plan regime |
| 260 ## - PUBLICATION, DISTRIBUTION, ETC. | |
| Date of publication, distribution, etc. | 2004 |
| 490 ## - SERIES STATEMENT | |
| Series statement | Journal of Planning and Environment Law |
| Volume/sequential designation | March 2004, 260-266(8) |
| 520 ## - SUMMARY, ETC. | |
| Summary, etc. | Sets out plans for setting up Local Development Frameworks (LDFs) contained in the Planning and Compulsory Purchase Bill Part II which will replace local and unitary development plans. Draft Planning Policy Statement: "Local Development Frameworks" (PPS12) provides guidance on the preparation of LDSs. Advises local authorities on what steps they can take to ensure that they comply with existing development rules and what they should be doing in the interim period until the bill reaches the statute book |
| 590 ## - LOCAL NOTE (RLIN) | |
| Local note | ABS |
| 650 ## - SUBJECT ADDED ENTRY--TOPICAL TERM | |
| Topical term or geographic name entry element | LOCAL DEVELOPMENT FRAMEWORKS |
| 650 ## - SUBJECT ADDED ENTRY--TOPICAL TERM | |
| Topical term or geographic name entry element | PLANNING POLICY STATEMENT 12 |
| 650 ## - SUBJECT ADDED ENTRY--TOPICAL TERM | |
| Topical term or geographic name entry element | LOCAL PLAN |
| 650 ## - SUBJECT ADDED ENTRY--TOPICAL TERM | |
| Topical term or geographic name entry element | UNITARY DEVELOPMENT PLANS |
| 650 ## - SUBJECT ADDED ENTRY--TOPICAL TERM | |
| Topical term or geographic name entry element | PLANNING AND COMPULSORY PURCHASE ACT 2004 |
| 650 ## - SUBJECT ADDED ENTRY--TOPICAL TERM | |
| Topical term or geographic name entry element | COMMUNITY INVOLVEMENT |
| 650 ## - SUBJECT ADDED ENTRY--TOPICAL TERM | |
| Topical term or geographic name entry element | STRATEGIC ENVIRONMENTAL ASSESSMENTS |
| 690 ## - LOCAL SUBJECT ADDED ENTRY--TOPICAL TERM (OCLC, RLIN) | |
| Topical term or geographic name as entry element | DEVELOPMENT |
| 942 ## - ADDED ENTRY ELEMENTS (KOHA) | |
| Suppress in OPAC | 0 |
| Withdrawn status | Lost status | Source of classification or shelving scheme | Damaged status | Not for loan | Home library | Current library | Shelving location | Date acquired | Total Checkouts | Full call number | Barcode | Date last seen | Copy number | Price effective from | Koha item type |
|---|---|---|---|---|---|---|---|---|---|---|---|---|---|---|---|
| Dewey Decimal Classification | London | London | Journal article | 12/03/2004 | ABS67612 | 125409-1001 | 06/08/2019 | 1 | 06/08/2019 | Journal article |